[Event "Hamburg-ch Seniors 65+ op 26th"]
[Site "Hamburg"]
[Date "2019.11.13"]
[Round "3"]
[White "Werner, Joern"]
[Black "Lohkamp, Rolf"]
[Result "1-0"]
[WhiteElo "1730"]
[BlackElo "1462"]
[PlyCount "97"]
[EventDate "2019.11.11"]
[EventType "swiss"]
[EventRounds "9"]
[EventCountry "GER"]
[SourceTitle "EXT 2022"]
[Source "ChessBase"]
[SourceDate "2021.10.06"]
[SourceVersion "1"]
[SourceVersionDate "2021.10.06"]
[SourceQuality "1"]

1. e4 c6 2. Nc3 g6 3. Nf3 d6 4. Bc4 Nf6 5. d3 Bg7 6. 0-0 0-0 7. Re1 d5 8. exd5 Nxd5 9. Ne2 Bg4 10. Ng3 Nd7 11. h3 Bxf3 12. Qxf3 Ne5 13. Qe2 Nxc4 14. dxc4 Nc7 15. c3 Ne6 16. Be3 Qc7 17. Rf1 Rad8 18. f4 b6 19. Rf3 Rd7 20. Raf1 f5 21. Kh1 Nc5 22. Bf2 Rf6 23. Qc2 Rfd6 24. Be3 e6 25. b4 Nb7 26. Ne2 c5 27. h4 Qd8 28. Ng1 Rd1 29. Rxd1 Rxd1 30. g3 Rd3 31. Bf2 Rd7 32. Qe2 Re7 33. Re3 Kf7 34. Nf3 Nd6 35. Ng5+ Kg8 36. h5 Qa8+ 37. Kg1 Ne4 38. Nxe4 fxe4 39. Rxe4 Bxc3 40. hxg6 e5 41. bxc5 Qd8 42. Be3 exf4 43. gxh7+ Kh8 44. Rxf4 bxc5 45. Qf3 Rxe3 46. Rf8+ Qxf8 47. Qxf8+ Kxh7 48. Qf7+ Kh8 49. Qh5+ 1-0

[Event "Hamburg-ch Seniors 65+ op 26th"]
[Site "Hamburg"]
[Date "2019.11.12"]
[Round "2"]
[White "Kaiser, Guenter3333"]
[Black "Werner, Joern"]
[Result "1-0"]
[WhiteElo "1704"]
[BlackElo "1730"]
[PlyCount "115"]
[EventDate "2019.11.11"]
[EventType "swiss"]
[EventRounds "9"]
[EventCountry "GER"]
[SourceTitle "EXT 2022"]
[Source "ChessBase"]
[SourceDate "2021.10.06"]
[SourceVersion "1"]
[SourceVersionDate "2021.10.06"]
[SourceQuality "1"]

1. d4 d5 2. c4 dxc4 3. Nc3 Nf6 4. Nf3 c6 5. a4 Qc7 6. e3 e6 7. Bxc4 Be7 8. 0-0 0-0 9. Bd3 a6 10. Qc2 c5 11. Ne4 Nxe4 12. Bxe4 f5 13. Bd3 b6 14. b4 Bb7 15. Ne5 Nd7 16. f4 Rac8 17. bxc5 Nxe5 18. fxe5 bxc5 19. Bc4 cxd4 20. Bxe6+ Kh8 21. Qxc7 Rxc7 22. exd4 Bc8 23. Bxc8 Rcxc8 24. Be3 Rcd8 25. Rab1 Rd5 26. Rb7 Bd8 27. g4 g6 28. Rf3 h5 29. gxh5 gxh5 30. Kf2 Ra5 31. Rb8 Rd5 32. Bg5 Kg7 33. Rh3 Kg6 34. Be3 Bh4+ 35. Rxh4 Rxb8 36. Rh3 Ra5 37. Rg3+ Kf7 38. Rg5 Rb2+ 39. Kf3 Rxa4 40. Rxf5+ Ke6 41. Rxh5 Rb3 42. Rh6+ Ke7 43. Ke4 Raa3 44. Bg5+ Ke8 45. h4 Ra2 46. e6 Re2+ 47. Kf5 Rf2+ 48. Kg4 Rf8 49. e7 Rg8 50. Rxa6 Rb4 51. Rd6 Rxg5+ 52. hxg5 Kxe7 53. Rd5 Ke6 54. Re5+ Kd6 55. Re4 Rb1 56. Kf5 Rg1 57. g6 Kd5 58. Rf4 1-0

[Event "Hamburg-ch Seniors 65+ op 26th"]
[Site "Hamburg"]
[Date "2019.11.11"]
[Round "1"]
[White "Werner, Joern"]
[Black "Grimm, Uwe"]
[Result "0-1"]
[WhiteElo "1730"]
[BlackElo "2104"]
[PlyCount "90"]
[EventDate "2019.11.11"]
[EventType "swiss"]
[EventRounds "9"]
[EventCountry "GER"]
[SourceTitle "EXT 2022"]
[Source "ChessBase"]
[SourceDate "2021.10.06"]
[SourceVersion "1"]
[SourceVersionDate "2021.10.06"]
[SourceQuality "1"]

1. e4 Nc6 2. Nc3 e5 3. Nf3 d6 4. Bc4 Be7 5. d3 h6 6. Nd5 Nf6 7. Nxe7 Qxe7 8. c3 0-0 9. h3 Bd7 10. a3 Nd8 11. Be3 c6 12. b4 Kh7 13. Qc2 Kh8 14. Rd1 a5 15. 0-0 Nh7 16. d4 axb4 17. axb4 exd4 18. Bxd4 c5 19. bxc5 dxc5 20. Be3 Nf6 21. e5 Ng8 22. Rd5 Ne6 23. Rd6 Rfc8 24. Qd2 Bc6 25. Nh2 Ng5 26. Bxg5 hxg5 27. Qe2 Nh6 28. Re1 Bd7 29. Qh5 Rc6 30. Rxc6 bxc6 31. Nf3 Ra4 32. Bd3 g4 33. Qg5 Qe8 34. hxg4 Rxg4 35. Qh5 Ra4 36. Nh2 Kg8 37. f3 c4 38. Be4 Qe7 39. Bb1 Ra5 40. f4 Qa3 41. Qh4 Ra8 42. Qg3 Rb8 43. Be4 Nf5 44. Qh3 Qa7+ 45. Kh1 Qf2 0-1

[Event "Hamburg-ch Seniors 65+"]
[Site "Hamburg"]
[Date "2018.11.08"]
[Round "9"]
[White "Wagner, Wolfgang"]
[Black "Werner, Joern"]
[Result "1/2-1/2"]
[WhiteElo "1649"]
[BlackElo "1785"]
[PlyCount "46"]
[EventDate "2018.10.31"]
[EventType "swiss"]
[EventRounds "9"]
[EventCountry "GER"]
[SourceTitle "CBM 189 Extra"]
[Source "ChessBase"]
[SourceDate "2019.06.03"]
[SourceVersion "1"]
[SourceVersionDate "2019.06.03"]
[SourceQuality "1"]

1. e4 e5 2. Nf3 Nc6 3. Bb5 Bc5 4. Bxc6 dxc6 5. 0-0 Qe7 6. d3 Bg4 7. Nbd2 Nf6 8. Qe1 0-0-0 9. h3 Bh5 10. Nh4 Bg6 11. Nc4 Nh5 12. Be3 Qxh4 13. Bxc5 b6 14. Nxe5 Qf6 15. Ng4 Qe6 16. Bb4 Rhe8 17. f4 f5 18. exf5 Qxf5 19. Qf2 Qb5 20. Bc3 Rf8 21. Be5 Rd7 22. a4 Qd5 23. Ne3 Qe6 1/2-1/2

[Event "Hamburg-ch Seniors 65+"]
[Site "Hamburg"]
[Date "2018.11.01"]
[Round "2"]
[White "Werner, Joern"]
[Black "Heitsch, Karl Wilhelm"]
[Result "0-1"]
[WhiteElo "1785"]
[BlackElo "1492"]
[PlyCount "80"]
[EventDate "2018.10.31"]
[EventType "swiss"]
[EventRounds "9"]
[EventCountry "GER"]
[SourceTitle "CBM 189 Extra"]
[Source "ChessBase"]
[SourceDate "2019.06.03"]
[SourceVersion "1"]
[SourceVersionDate "2019.06.03"]
[SourceQuality "1"]

1. e4 c5 2. Nc3 e6 3. Nf3 Nc6 4. d4 cxd4 5. Nxd4 Bb4 6. Nde2 Nf6 7. a3 Ba5 8. b4 Bc7 9. f4 d6 10. Ng3 0-0 11. Bd3 e5 12. f5 d5 13. Bg5 h6 14. Bxf6 Qxf6 15. Nxd5 Qd8 16. Bc4 Ne7 17. 0-0 Nxd5 18. Bxd5 Qg5 19. Rf3 Bb6+ 20. Kh1 Bd4 21. c3 Be3 22. Ne2 Bb6 23. Qe1 Qf6 24. Rg3 Kh8 25. Rh3 Rb8 26. Ng3 Kh7 27. Qd2 Bd8 28. Qe2 Bd7 29. Nh5 Qd6 30. Rg3 g6 31. Qg4 Bg5 32. h4 gxh5 33. Qxh5 Bf4 34. Rg4 Qf6 35. Rf1 Bc6 36. c4 Bxd5 37. cxd5 Rg8 38. Rgxf4 exf4 39. Rxf4 Rbe8 40. Rf1 Rxe4 0-1

[Event "Hamburg-ch Seniors 23rd"]
[Site "Hamburg"]
[Date "2016.11.07"]
[Round "6"]
[White "Werner, Joern"]
[Black "Hotze, Kurt"]
[Result "1/2-1/2"]
[WhiteElo "1819"]
[BlackElo "1722"]
[PlyCount "43"]
[EventDate "2016.11.02"]
[EventType "swiss"]
[EventRounds "9"]
[EventCountry "GER"]
[SourceTitle "EXT 2019"]
[Source "ChessBase"]
[SourceDate "2018.10.10"]
[SourceVersion "1"]
[SourceVersionDate "2018.10.10"]
[SourceQuality "1"]

1. e4 c5 2. Nc3 Nc6 3. Nf3 g6 4. a3 Bg7 5. Bc4 d6 6. h3 Nf6 7. d3 0-0 8. Ne2 e5 9. c3 a6 10. Bg5 Qe8 11. Ng3 h6 12. Bd2 b5 13. Ba2 Be6 14. Bxe6 Qxe6 15. Qc1 Kh7 16. 0-0 d5 17. Nh2 c4 18. f4 exf4 19. Rxf4 cxd3 20. Rh4 Rh8 21. Nf3 Kg8 22. exd5 1/2-1/2

[Event "Hamburg-ch Seniors 23rd"]
[Site "Hamburg"]
[Date "2016.11.06"]
[Round "5"]
[White "Wagner, Wolfgang"]
[Black "Werner, Joern"]
[Result "0-1"]
[WhiteElo "1636"]
[BlackElo "1819"]
[PlyCount "40"]
[EventDate "2016.11.02"]
[EventType "swiss"]
[EventRounds "9"]
[EventCountry "GER"]
[SourceTitle "EXT 2019"]
[Source "ChessBase"]
[SourceDate "2018.10.10"]
[SourceVersion "1"]
[SourceVersionDate "2018.10.10"]
[SourceQuality "1"]

1. e4 e5 2. Nf3 Nc6 3. Bb5 Nf6 4. 0-0 d6 5. d4 Bd7 6. Re1 Qe7 7. Nc3 a6 8. Ba4 b5 9. Bb3 Na5 10. Nd5 Qd8 11. Nxf6+ gxf6 12. c3 Nxb3 13. axb3 h6 14. Qd3 Bg7 15. b4 Bg4 16. Rxa6 Rb8 17. Nh4 0-0 18. Qg3 Qc8 19. Nf5 Bxf5 20. Bxh6 Bg6 0-1

[Event "Hamburg-ch Seniors 23rd"]
[Site "Hamburg"]
[Date "2016.11.02"]
[Round "1"]
[White "Kibilka, Ulrich"]
[Black "Werner, Joern"]
[Result "1-0"]
[WhiteElo "1467"]
[BlackElo "1819"]
[PlyCount "97"]
[EventDate "2016.11.02"]
[EventType "swiss"]
[EventRounds "9"]
[EventCountry "GER"]
[SourceTitle "EXT 2019"]
[Source "ChessBase"]
[SourceDate "2018.10.10"]
[SourceVersion "1"]
[SourceVersionDate "2018.10.10"]
[SourceQuality "1"]

1. e4 e5 2. d3 Nc6 3. Nf3 Bc5 4. g3 h6 5. Bg2 Nf6 6. 0-0 d6 7. Re1 Bg4 8. Nbd2 a6 9. c3 Qd7 10. Nf1 Ne7 11. Be3 Qc6 12. Bxc5 Qxc5 13. Ne3 Bh5 14. Qc2 Rd8 15. b4 Qa7 16. Qa4+ c6 17. c4 b5 18. Qb3 0-0 19. a4 Qb7 20. c5 Ng4 21. cxd6 Nxe3 22. dxe7 Qxe7 23. Rxe3 Bxf3 24. Bxf3 Rd4 25. Rb1 Rb8 26. a5 c5 27. bxc5 Qxc5 28. Ree1 b4 29. Ra1 Qb5 30. Red1 Rc8 31. Bh5 Qd7 32. Be2 Rc3 33. Qb2 Qe6 34. Rac1 Rb3 35. Qa2 Rd8 36. Rc5 Rbxd3 37. Rd5 Rxd1+ 38. Bxd1 Rc8 39. Bb3 Rc1+ 40. Kg2 Qe7 41. Qb2 Rc3 42. Bd1 Qb7 43. Rxe5 f6 44. Rd5 Kh7 45. Qd2 Qc6 46. Bf3 Qa4 47. e5 f5 48. e6 Qe8 49. Qe1 1-0

[Event "Hamburg-ch Seniors 22nd"]
[Site "Hamburg"]
[Date "2015.11.01"]
[Round "6"]
[White "Cassens, Erhard Otto"]
[Black "Werner, Joern"]
[Result "0-1"]
[WhiteElo "1870"]
[BlackElo "1823"]
[PlyCount "90"]
[EventDate "2015.10.28"]
[EventType "swiss"]
[EventRounds "9"]
[EventCountry "GER"]
[SourceTitle "EXT 2018"]
[Source "ChessBase"]
[SourceDate "2017.10.13"]
[SourceVersion "1"]
[SourceVersionDate "2017.10.13"]
[SourceQuality "1"]

1. d4 d5 2. Nd2 Nf6 3. e3 e6 4. Be2 Nc6 5. b3 e5 6. Bb2 exd4 7. exd4 Bd6 8. Ngf3 Ne7 9. Ne5 c6 10. 0-0 Qc7 11. f4 Bf5 12. Bf3 0-0 13. Re1 Rfe8 14. g4 Be4 15. c4 Ng6 16. c5 Bf8 17. f5 Nf4 18. Bxe4 Nxe4 19. Nxe4 dxe4 20. Rxe4 Nh3+ 21. Kg2 Ng5 22. Re1 f6 23. h4 fxe5 24. hxg5 exd4 25. Qxd4 Red8 26. Qc4+ Kh8 27. Be5 Rd2+ 28. Kg3 Qd7 29. Re3 Qd5 30. Qxd5 Rxd5 31. b4 a5 32. a3 axb4 33. f6 gxf6 34. Bxf6+ Kg8 35. axb4 Rxa1 36. Bxa1 Rxg5 37. Re8 Rd5 38. Rb8 Rd7 39. Kh4 Kf7 40. Kh5 Rd5+ 41. g5 Be7 42. Rxb7 Rxg5+ 43. Kh6 Rg1 44. Kh5 Rxa1 45. b5 Ra4 0-1

[Event "Hamburg-ch Seniors 22nd"]
[Site "Hamburg"]
[Date "2015.10.31"]
[Round "4"]
[White "Werner, Joern"]
[Black "Ristic, Sreten"]
[Result "1-0"]
[WhiteElo "1823"]
[BlackElo "1901"]
[PlyCount "51"]
[EventDate "2015.10.28"]
[EventType "swiss"]
[EventRounds "9"]
[EventCountry "GER"]
[SourceTitle "EXT 2018"]
[Source "ChessBase"]
[SourceDate "2017.10.13"]
[SourceVersion "1"]
[SourceVersionDate "2017.10.13"]
[SourceQuality "1"]

1. e4 d6 2. Nf3 e5 3. Bc4 Nc6 4. Nc3 h6 5. a3 Nge7 6. d4 exd4 7. Nxd4 Bd7 8. Be3 a6 9. h3 Ne5 10. Ba2 c5 11. Nf3 N7c6 12. Qe2 Be6 13. Nd5 b5 14. Rd1 Be7 15. Nxe5 Nxe5 16. 0-0 0-0 17. f4 Nc6 18. e5 dxe5 19. Nf6+ gxf6 20. Rxd8 Nxd8 21. Bxe6 Nxe6 22. fxe5 fxe5 23. Bxh6 f6 24. Qg4+ Kh7 25. Bxf8 Nxf8 26. Qe4+ 1-0

[Event "Hamburg-ch Seniors 21st"]
[Site "Hamburg"]
[Date "2014.11.02"]
[Round "5"]
[White "Werner, Joern"]
[Black "Voss, Werner"]
[Result "1/2-1/2"]
[WhiteElo "1603"]
[BlackElo "1720"]
[PlyCount "80"]
[EventDate "2014.10.29"]
[EventType "swiss"]
[EventRounds "9"]
[EventCountry "GER"]
[SourceTitle "EXT 2018"]
[Source "ChessBase"]
[SourceDate "2017.10.13"]
[SourceVersion "1"]
[SourceVersionDate "2017.10.13"]
[SourceQuality "1"]

1. e4 e5 2. Nf3 Nc6 3. Nc3 Nf6 4. Bc4 Bc5 5. d3 h6 6. a3 d6 7. h3 0-0 8. Ne2 Be6 9. Ba2 Re8 10. Ng3 Kh7 11. c3 Qe7 12. b3 Bd7 13. Bb1 Kh8 14. 0-0 Rad8 15. Re1 Bb6 16. Qc2 Bc8 17. Bb2 Qf8 18. d4 a6 19. Kh1 Ba7 20. Ba2 Qe7 21. Rac1 Bb6 22. Bb1 Ba7 23. Nh4 Ng8 24. Nhf5 Qf8 25. Rf1 g6 26. Ne3 Qg7 27. Ne2 Bb6 28. f4 f6 29. Nd5 Ba7 30. c4 Bb8 31. Rf2 Ba7 32. Rf3 h5 33. Rg3 h4 34. Rf3 Rf8 35. b4 Nb8 36. Rcf1 c6 37. Ne3 Nd7 38. Ng4 Bb8 39. Bc3 Bc7 40. Qb2 Nb6 1/2-1/2

[Event "Hamburg Seniors-ch 20th"]
[Site "Hamburg"]
[Date "2013.11.07"]
[Round "9"]
[White "Werner, Joern"]
[Black "Stoffregen, Heinrich"]
[Result "1-0"]
[WhiteElo "1598"]
[BlackElo "1147"]
[PlyCount "51"]
[EventDate "2013.10.30"]
[EventType "swiss"]
[EventRounds "9"]
[EventCountry "GER"]
[SourceTitle "EXT 2015"]
[Source "ChessBase"]
[SourceDate "2014.11.20"]
[SourceVersion "1"]
[SourceVersionDate "2014.11.20"]
[SourceQuality "1"]

1. e4 e5 2. Nf3 Nc6 3. Bc4 Bc5 4. d3 Nf6 5. a3 h6 6. c3 d5 7. exd5 Nxd5 8. Nbd2 a6 9. Ba2 0-0 10. Ne4 Ba7 11. h3 Nf4 12. Bxf4 exf4 13. Qd2 Be6 14. b3 Qe7 15. 0-0 f5 16. Rfe1 fxe4 17. Rxe4 Qd6 18. Rxe6 Qxa3 19. Rae1 Kh8 20. Nh4 Kh7 21. Qc2 Kg8 22. b4 Nxb4 23. cxb4 Rfd8 24. Rxa6+ Qxa2 25. Rxa2 Bxf2+ 26. Kxf2 1-0

[Event "Hamburg Seniors-ch 20th"]
[Site "Hamburg"]
[Date "2013.11.06"]
[Round "8"]
[White "Hilbig, Klaus"]
[Black "Werner, Joern"]
[Result "1-0"]
[WhiteElo "1574"]
[BlackElo "1598"]
[PlyCount "93"]
[EventDate "2013.10.30"]
[EventType "swiss"]
[EventRounds "9"]
[EventCountry "GER"]
[SourceTitle "EXT 2015"]
[Source "ChessBase"]
[SourceDate "2014.11.20"]
[SourceVersion "1"]
[SourceVersionDate "2014.11.20"]
[SourceQuality "1"]

1. d4 d5 2. Nf3 Nf6 3. e3 e6 4. Bd3 c5 5. b3 Nc6 6. c3 Qc7 7. Nbd2 a6 8. Ba3 b6 9. Bc2 Bd6 10. 0-0 0-0 11. Bb2 Re8 12. dxc5 bxc5 13. c4 d4 14. Ne4 Nxe4 15. Bxe4 e5 16. Qb1 g6 17. Nh4 f5 18. Bd5+ Be6 19. e4 f4 20. Nf3 Bxd5 21. cxd5 Nd8 22. Ba3 Rb8 23. Qc1 Rc8 24. Qc4 h6 25. Qa4 Nb7 26. Rac1 Qe7 27. Rc2 g5 28. h3 Kh7 29. Bc1 c4 30. Rxc4 Rxc4 31. Qxc4 Nc5 32. Bd2 Nxe4 33. Qxa6 Nf6 34. Rc1 Nxd5 35. Rc6 Rd8 36. Ba5 Rd7 37. Qc8 Bc7 38. Bxc7 Nxc7 39. b4 Ne6 40. Nxe5 Nd8 41. Nxd7 Nxc6 42. Qxc6 Qe1+ 43. Kh2 Qxf2 44. Qe4+ Kg7 45. Nc5 Qg3+ 46. Kg1 Qc3 47. Ne6+ 1-0

[Event "Hamburg Seniors-ch 20th"]
[Site "Hamburg"]
[Date "2013.11.02"]
[Round "4"]
[White "Werner, Joern"]
[Black "Hofmeier, Arthur"]
[Result "1-0"]
[WhiteElo "1598"]
[BlackElo "1355"]
[PlyCount "55"]
[EventDate "2013.10.30"]
[EventType "swiss"]
[EventRounds "9"]
[EventCountry "GER"]
[SourceTitle "EXT 2015"]
[Source "ChessBase"]
[SourceDate "2014.11.20"]
[SourceVersion "1"]
[SourceVersionDate "2014.11.20"]
[SourceQuality "1"]

1. e4 c5 2. Nc3 Nc6 3. Nf3 d6 4. a3 a6 5. Bc4 h6 6. h3 Nf6 7. d3 e5 8. 0-0 Be7 9. Be3 Qb6 10. Rb1 Bd7 11. Ne2 Qd8 12. Ng3 Nh7 13. c3 b5 14. Ba2 Rb8 15. Nh2 a5 16. f4 b4 17. axb4 axb4 18. fxe5 Nxe5 19. d4 Bg5 20. Bxg5 Qxg5 21. dxe5 Qxg3 22. Bxf7+ Kd8 23. Qxd6 Rb7 24. Rf3 Qh4 25. Ra1 Rc7 26. e6 Qe7 27. Ra8+ Rc8 28. Qb6# 1-0

[Event "Hamburg Seniors op 19th"]
[Site "Hamburg"]
[Date "2012.10.30"]
[Round "7"]
[White "Werner, Joern"]
[Black "Voss, Werner"]
[Result "1/2-1/2"]
[WhiteElo "1639"]
[BlackElo "1694"]
[PlyCount "82"]
[EventDate "2012.10.24"]
[EventType "swiss"]
[EventRounds "9"]
[EventCountry "GER"]
[SourceTitle "EXT 2015"]
[Source "ChessBase"]
[SourceDate "2014.11.20"]
[SourceVersion "1"]
[SourceVersionDate "2014.11.20"]
[SourceQuality "1"]

1. e4 e5 2. Nf3 Nc6 3. Bc4 Bc5 4. Nc3 Nf6 5. d3 d6 6. h3 Be6 7. Nd5 Bxd5 8. exd5 Ne7 9. Bg5 h6 10. Bxf6 gxf6 11. c3 c6 12. dxc6 bxc6 13. d4 Bb6 14. Bb3 e4 15. Nh4 d5 16. Qh5 Qd6 17. Nf5 Qf4 18. Nxe7 Kxe7 19. g3 Qg5 20. Qe2 Rae8 21. h4 Qg6 22. 0-0-0 Kf8 23. Rde1 f5 24. Qe3 h5 25. Bd1 Kg7 26. Rh3 Qh6 27. Kb1 Qxe3 28. fxe3 Bc7 29. Rf1 Kg6 30. Rh2 Re6 31. Rg2 Rf6 32. Rgf2 Rg8 33. g4 hxg4 34. Bxg4 f4 35. exf4 Kh6 36. Be2 Rg3 37. f5 Rh3 38. h5 Rg3 39. Rh1 Rg5 40. Rhf1 a5 41. a4 Rg3 1/2-1/2

[Event "Hamburg Seniors op 19th"]
[Site "Hamburg"]
[Date "2012.10.29"]
[Round "6"]
[White "Schulz, Wolfgang"]
[Black "Werner, Joern"]
[Result "1-0"]
[WhiteElo "1924"]
[BlackElo "1639"]
[PlyCount "87"]
[EventDate "2012.10.24"]
[EventType "swiss"]
[EventRounds "9"]
[EventCountry "GER"]
[SourceTitle "EXT 2015"]
[Source "ChessBase"]
[SourceDate "2014.11.20"]
[SourceVersion "1"]
[SourceVersionDate "2014.11.20"]
[SourceQuality "1"]

1. e4 e5 2. Nf3 Nc6 3. Bb5 d6 4. c3 Bd7 5. 0-0 Nf6 6. Re1 a6 7. Ba4 b5 8. Bb3 Na5 9. Bc2 Bg4 10. d4 Nc6 11. Be3 Bh5 12. Nbd2 Be7 13. h3 0-0 14. Nf1 h6 15. Ng3 Bg6 16. a4 Nh5 17. Nxh5 Bxh5 18. g4 Bg6 19. axb5 axb5 20. Qe2 exd4 21. Nxd4 Nxd4 22. cxd4 c6 23. f4 f6 24. Bf2 Bf7 25. e5 dxe5 26. dxe5 fxe5 27. Qe4 Bd5 28. Qh7+ Kf7 29. Bg6+ Ke6 30. Rxa8 Qxa8 31. Rxe5+ Kd6 32. Qxg7 Bf6 33. Qxh6 Rh8 34. Bh7 Qa1+ 35. Be1 Rxh7 36. Qxf6+ Kc5 37. Re3 Kb6 38. Qd4+ Kb7 39. Qb4 Qd1 40. Qd2 Qa4 41. Qf2 Qd1 42. Kh2 Rh6 43. Kg3 Rh7 44. Ra3 1-0

[Event "Hamburg-ch Seniors 18th"]
[Site "Hamburg"]
[Date "2011.11.03"]
[Round "6"]
[White "Werner, Joern"]
[Black "Zippert, Georg"]
[Result "0-1"]
[WhiteElo "1841"]
[BlackElo "1884"]
[PlyCount "100"]
[EventDate "2011.10.29"]
[EventType "swiss"]
[EventRounds "9"]
[EventCountry "GER"]
[SourceTitle "EXT 2015"]
[Source "ChessBase"]
[SourceDate "2014.11.20"]
[SourceVersion "1"]
[SourceVersionDate "2014.11.20"]
[SourceQuality "1"]

1. e4 e5 2. Nf3 Nc6 3. Bc4 Bc5 4. Nc3 Nf6 5. d3 0-0 6. a3 a5 7. 0-0 h6 8. Ne2 d5 9. exd5 Nxd5 10. h3 Be6 11. c3 Qf6 12. Ng3 Be7 13. Bb3 Na7 14. Ba4 b5 15. Bc2 Rfd8 16. d4 exd4 17. Nh5 dxc3 18. Nxf6+ Bxf6 19. Qd3 cxb2 20. Qh7+ Kf8 21. Bxb2 Bxb2 22. Rab1 Bxa3 23. Rfd1 Nc3 24. Rxd8+ Rxd8 25. Re1 b4 26. Qh8+ Ke7 27. Qxg7 a4 28. Nd4 Rxd4 29. Qxd4 Nab5 30. Qc5+ Kd7 31. Bxa4 c6 32. Bxb5 Nxb5 33. Rd1+ Kc7 34. Qe5+ Kb6 35. Qe3+ c5 36. Rb1 Ba2 37. Qxh6+ Ka5 38. Re1 b3 39. Qd2+ Bb4 40. Qd8+ Ka4 41. Qa8+ Ba5 42. Re4+ Nd4 43. Qe8+ Ka3 44. Qxf7 b2 45. Re3+ Nb3 46. Qc4 b1Q+ 47. Kh2 Qf5 48. Rf3 Bc7+ 49. Kg1 Qb1+ 50. Qf1 Bh2+ 0-1

[Event "Hamburg-ch Seniors 18th"]
[Site "Hamburg"]
[Date "2011.10.29"]
[Round "1"]
[White "Noakes, Guenther"]
[Black "Werner, Joern"]
[Result "0-1"]
[WhiteElo "987"]
[BlackElo "1841"]
[PlyCount "44"]
[EventDate "2011.10.29"]
[EventType "swiss"]
[EventRounds "9"]
[EventCountry "GER"]
[SourceTitle "EXT 2015"]
[Source "ChessBase"]
[SourceDate "2014.11.20"]
[SourceVersion "1"]
[SourceVersionDate "2014.11.20"]
[SourceQuality "1"]

1. Nf3 Nc6 2. c4 e5 3. e4 Nf6 4. d3 Be7 5. Bg5 d6 6. Be2 h6 7. Bxf6 Bxf6 8. a3 0-0 9. Nbd2 Ne7 10. b4 Ng6 11. g3 c6 12. Bf1 d5 13. cxd5 cxd5 14. Bg2 Be6 15. Rc1 Qb6 16. Qe2 Qa6 17. Ra1 Rad8 18. 0-0 Be7 19. Rfd1 f5 20. exd5 Bxd5 21. Nxe5 Nxe5 22. Bxd5+ Rxd5 0-1

[Event "Hamburg-ch Seniors op 16th"]
[Site "Hamburg"]
[Date "2009.11.04"]
[Round "5"]
[White "Bahr, Peter"]
[Black "Werner, Joern"]
[Result "1-0"]
[WhiteElo "1776"]
[BlackElo "1640"]
[PlyCount "31"]
[EventDate "2009.10.31"]
[EventType "swiss"]
[EventRounds "9"]
[EventCountry "GER"]
[SourceTitle "EXT 2022"]
[Source "ChessBase"]
[SourceDate "2021.10.06"]
[SourceVersion "1"]
[SourceVersionDate "2021.10.06"]
[SourceQuality "1"]

1. d4 d5 2. Nf3 Nf6 3. c4 e6 4. Nc3 Be7 5. e3 c6 6. Qc2 b6 7. cxd5 exd5 8. Bd3 Be6 9. 0-0 Nbd7 10. Ng5 Nf8 11. f4 h6 12. Nf3 N8d7 13. f5 Bxf5 14. Bxf5 Qc7 15. Bxd7+ Nxd7 16. Nxd5 1-0

[Event "Hamburg-ch Seniors op 15th"]
[Site "Hamburg"]
[Date "2008.11.04"]
[Round "9"]
[White "Bartlitz, Heinz"]
[Black "Werner, Joern"]
[Result "0-1"]
[WhiteElo "1484"]
[BlackElo "1591"]
[PlyCount "80"]
[EventDate "2008.10.27"]
[EventType "swiss"]
[EventRounds "9"]
[EventCountry "GER"]
[SourceTitle "EXT 2022"]
[Source "ChessBase"]
[SourceDate "2021.10.06"]
[SourceVersion "1"]
[SourceVersionDate "2021.10.06"]
[SourceQuality "1"]

1. e4 e5 2. Nf3 Nc6 3. Bb5 d6 4. c3 Bd7 5. d3 Be7 6. h3 h6 7. Nbd2 Nf6 8. Nf1 a6 9. Ba4 Nh7 10. Ng3 b5 11. Bc2 Qc8 12. a3 0-0 13. 0-0 Nd8 14. Be3 Ne6 15. Nf5 Bf6 16. d4 Neg5 17. Nxg5 Bxf5 18. Nxh7 Bxh7 19. f4 exd4 20. Bxd4 Bxd4+ 21. Qxd4 Qb7 22. Rf2 Rad8 23. Re1 Rfe8 24. e5 Bxc2 25. Rxc2 dxe5 26. Qe4 Qb6+ 27. Qe3 Qxe3+ 28. Rxe3 exf4 29. Rf3 g5 30. g3 Rd1+ 31. Kf2 fxg3+ 32. Kxg3 Ree1 33. Rff2 Kg7 34. Rf3 Kg6 35. Rcf2 Rg1+ 36. Rg2 Rxg2+ 37. Kxg2 Rd2+ 38. Kg3 Rxb2 39. h4 Rb3 40. hxg5 hxg5 0-1